100 Best Athletes Since 2000 - Statistics

General Stats
  • This quiz has been taken 467 times
  • The average score is 28 of 100
Answer Stats
# Sport Player % Correct
3. Soccer Lionel Messi
98%
13. Soccer Cristiano Ronaldo
95%
1. Swimming Michael Phelps
95%
87. Soccer Ronaldo Nazário
94%
4. Basketball LeBron James
93%
8. Golf Tiger Woods
90%
2. Tennis Serena Williams
86%
5. Football Tom Brady
80%
6. Tennis Roger Federer
79%
86. Tennis Venus Williams
79%
10. Basketball Kobe Bryant
78%
14. Basketball Stephen Curry
75%
11. Tennis Novak Djokovic
74%
12. Tennis Rafael Nadal
74%
7. Gymnastics Simone Biles
71%
9. Athletics Usain Bolt
68%
19. Formula One Lewis Hamilton
62%
39. Basketball Kevin Durant
58%
17. Basketball Shaquille O'Neal
55%
18. Football Patrick Mahomes
45%
28. Basketball Nikola Jokic
39%
67. Basketball James Harden
38%
16. Basketball Tim Duncan
37%
25. Boxing Floyd Mayweather
36%
65. Soccer Kylian Mbappé
36%
66. MMA Jon Jones
35%
29. Formula One Michael Schumacher
35%
26. Football Peyton Manning
35%
94. Soccer Ronaldinho
33%
57. Football Calvin Johnson
32%
35. Basketball Dwyane Wade
32%
42. Basketball Giannis Antetokounmpo
32%
47. NASCAR Jimmie Johnson
31%
41. Basketball Dirk Nowitzki
30%
50. Soccer Zinedine Zidane
30%
22. Ice Hockey Sidney Crosby
28%
62. Baseball Shohei Ohtani
27%
75. Soccer Xavi Hernandez
27%
70. Soccer Andrés Iniesta
25%
91. Football Aaron Rodgers
24%
54. Ice Hockey Alex Ovechkin
24%
23. Basketball Kevin Garnett
24%
55. Soccer Luka Modric
24%
83. Basketball Chris Paul
23%
15. Swimming Katie Ledecky
23%
80. Tennis Andy Murray
22%
61. Football Ray Lewis
22%
84. Basketball Lauren Jackson
21%
43. Baseball Alex Rodriguez
20%
95. Soccer Zlatan Ibrahimović
20%
85. Basketball Kawhi Leonard
19%
48. Soccer Thierry Henry
19%
53. Baseball Derek Jeter
18%
30. Baseball Mike Trout
18%
93. Golf Rory McIlroy
18%
51. Basketball Steve Nash
18%
60. Basketball Candace Parker
17%
98. Ice Hockey Connor McDavid
17%
71. Boxing Manny Pacquiao
16%
27. Football Randy Moss
16%
68. Golf Phil Mickelson
15%
38. Baseball Barry Bonds
14%
72. Snowboarding Shaun White
14%
90. Basketball A'ja Wilson
13%
31. Baseball Clayton Kershaw
10%
40. Baseball Justin Verlander
10%
20. Football Aaron Donald
9%
24. Baseball Albert Pujols
9%
45. Baseball David Ortiz
9%
73. Baseball Mookie Betts
9%
92. Baseball Pedro Martinez
9%
97. Cricket Virat Kohli
9%
79. Baseball Bryce Harper
8%
37. Baseball Ichiro Suzuki
8%
69. Basketball Jason Kidd
8%
46. Baseball Max Scherzer
8%
76. MMA Georges St-Pierre
7%
58. Football J.J. Watt
7%
59. Baseball Mariano Rivera
6%
33. Baseball Miguel Cabrera
6%
99. Football Ed Reed
5%
32. Soccer Marta
5%
52. Baseball Adrian Beltré
4%
44. Skiing Mikaela Shiffrin
4%
56. Soccer Alexia Putellas
3%
96. Football Darrelle Revis
3%
21. Basketball Diana Taurasi
3%
74. Basketball Lisa Leslie
3%
64. Soccer Mia Hamm
3%
77. Athletics Shelly-Ann Fraser Pryce
3%
49. Soccer Aitana Bonmati
2%
63. Athletics Allyson Felix
2%
78. Boxing Bernard Hopkins
2%
36. Basketball Maya Moore
2%
88. Baseball Roy Halladay
2%
89. Golf Annika Sorenstam
1%
100. Football Charles Woodson
1%
82. Gymnastics Kohei Uchimura
1%
81. Basketball Sheryl Swoopes
1%
34. Basketball Tamika Catchings
1%
No matching quizzes found
Score Distribution
Percent of People with Each Score
Percentile by Number Answered
Your Score History
You have not taken this quiz